[Event "US Masters op"]
[Site "Greensboro"]
[Date "2017.08.26"]
[Round "7"]
[White "Belous, Vladimir"]
[Black "Huschenbeth, Niclas"]
[Result "1-0"]
[WhiteElo "2554"]
[BlackElo "2575"]
[Annotator "Belous/Macieja"]
[PlyCount "63"]
[EventDate "2017.08.23"]
[EventType "swiss"]
[EventRounds "9"]
[EventCountry "USA"]
[SourceTitle "CBM 183"]
[Source "ChessBase"]
[SourceDate "2018.03.14"]
[SourceVersion "1"]
[SourceVersionDate "2018.03.14"]
[SourceQuality "1"]

{In the 7th round I was paired against the tournament leader, who was 1 point
ahead of me. I wanted to play a safe game, but on the other hand I wanted to
win to catch him.} 1. d4 d5 2. c4 dxc4 3. e4 Nf6 (3... e5 {is another common
move.}) 4. e5 Nd5 5. Bxc4 Bf5 $6 ({The main line is} 5... Nc6) 6. Ne2 {I
wasn't familiar with my opponent's last move. After spending 20 minutes I
decided not to take a risk.} (6. Qb3 $5 {was the most aggressive and
principled move.} c6 $1 (6... e6 7. Qxb7 Nd7 8. Bxd5 Rb8 (8... exd5 9. Qxd5 $16
) 9. Qc6 Rb6 10. Qa4 (10. Qc4 Rb4 11. Qc3 exd5 12. Nf3 Rc4 13. Qe3 Nc5 $5 14.
O-O Ne6 15. Nbd2 $16) 10... exd5 11. Nc3 c6 12. Nge2 $16) 7. Nc3 (7. Qxb7 $6
Nb6 {[%cal Gf5c8] Definitely White is in trouble.} 8. e6 $5 {seems to be the
best choice, but after} Nxc4 9. Qxa8 Qc7 $1 {White will have to soon give up
the dark-squared bishop to liberate the queen.}) 7... e6 {and I thought Black
would get dangerous compensation in all cases, for instance} 8. Qxb7 Nb6) 6...
e6 7. O-O Be7 8. Nbc3 c6 $2 {There wasn't any necessity to play that passive
move.} (8... Nb6 9. Bb3 Nc6 (9... O-O $6 10. Ng3 Bg6 11. d5 Nxd5 (11... exd5
12. f4 $1 $16) 12. Nxd5 exd5 13. f4 $1 {The main point of White's idea.} Be4
14. Qe2 Bc5+ 15. Kh1 Nc6 16. Be3 $1 $14) 10. Be3 {would be a transposition to
the main line.}) 9. Ng3 Bg6 (9... Nb6 $6 10. Nxf5 exf5 11. Bb3 $16 {The
light-squared bishop is very strong.}) 10. f4 $1 Qd7 {I thought that this move
was very weak, but later I understood Black didn't have a good alternative.} (
10... O-O 11. f5 exf5 12. Nxf5 Nb6 13. Bb3 Na6 14. Qg4 $16) 11. f5 $1 (11. Qf3
$6 f5 $1 {I did not want to let my opponent play that move. White wouldn't
succeed then with a direct approach} 12. exf6 Bxf6 13. f5 Bxd4+ 14. Kh1 O-O 15.
Qg4 Bxc3 ({but not} 15... e5 $2 16. Be3 $3 {A beautiful and strong move.} Bxe3
(16... Bxc3 17. bxc3 Bf7 18. Bh6 Be8 19. Rad1 $16) 17. fxg6 Qxg4 18. Nxd5 $1
Qc8 19. Ne7+ Kh8 20. Nxc8 Rxc8 21. Ne4 $1 $18 {[%cal Ge4d6]}) 16. fxg6 Rxf1+
17. Nxf1 Bf6 18. gxh7+ Kh8 $1 $11) 11... exf5 (11... Bxf5 12. Nxf5 exf5 13. Qb3
$1 O-O (13... b5 14. Bxd5 cxd5 15. Qxd5 $16) 14. Nxd5 cxd5 15. Bxd5 Nc6 16. e6
$16) 12. Qf3 ({White should not give up the light squared bishop in order to
win the pawn.} 12. Bxd5 $2 cxd5 13. Qf3 Nc6 14. Qxd5 Qxd5 15. Nxd5 Rd8 $11) (
12. Qb3 Nc7 $1) 12... Na6 {[%cal Ga6c7] Black develops the passive knight and
wants to defend the other knight on d5.} (12... Nxc3 $2 {Black cannot wxchange
the knights, as it would open up White's light-squared bishop.} 13. bxc3 O-O
14. h4 $3 {Even stronger than} (14. Nxf5 $16 {[%cal Gc4f7]}) 14... Bxh4 15.
Nxf5 Be7 (15... Qxf5 16. Qxf5 Bxf5 17. Rxf5 {[%cal Gc1a3,Gf5f7,Ga1f1] Black
can't protect the f7 pawn.} Be7 18. Be3 Nd7 19. Raf1 Nb6 20. Bxf7+ Kh8 21. Be6
Rxf5 22. Rxf5 $18) 16. Nxe7+ Qxe7 17. a4 Re8 18. Ba3 Qd7 19. Rae1 $18) (12...
Nb6 13. Bb3 Qxd4+ 14. Be3 Qxe5 15. Rae1 $36) 13. Bxd5 cxd5 14. Nxd5 Bh4 (14...
O-O 15. Nxe7+ Qxe7 16. Nxf5 $16 {White has an extra pawn.}) 15. Ne2 $1 {
White does not want to exchange any piece.} O-O 16. Bd2 {[%csl Yg6] My plan is
to develop all the pieces and to play against the Bg6.} h6 $2 {[%csl Gd5] The
h7-square is not a much better place for the bishop than g6.} (16... f6 $5 17.
Nef4 {[%cal Ge5e6]} fxe5 18. dxe5 Bf7 19. Rad1 Qc6 20. g3 Bd8 21. Be3 $16 {
It is very difficult to play again a strong knight on d5.}) 17. Bc3 Bh7 18.
Nef4 Rad8 19. Kh1 Bg5 {[%csl Ga6,Gh7][%cal Gd5e3,Ge5e6,Gd4d5] White is almost
ready to start pushing his central pawns. On the other hand, Black's position
is passive.} 20. Rad1 Qc6 21. Rc1 {[%cal Gc3b4]} Qa4 22. Qg3 {[%csl Gc3][%cal
Gc3g7,Gh2h4]} Qxa2 23. h4 $1 {I think this is the simplest move} (23. Nf6+ {
It was my second option, but it looked very complicated to me.} Kh8 $1 (23...
Bxf6 24. exf6 g5 25. Qh3 Kh8 26. Qxh6 Rg8 27. Rf3 $18) (23... gxf6 24. exf6 Kh8
25. h4 Rg8 (25... Bxf6 26. d5 Bxc3 27. Qxc3+ f6 28. Ra1 $18) 26. hxg5 hxg5 (
26... Rxg5 27. Qh4 $18) 27. Nd3 $16) 24. N6h5 Rg8 {and I didn't see how to
continue the attack.}) 23... Bxh4 (23... Bxf4 24. Nxf4 $18 {[%cal Gd4d5]}) 24.
Nf6+ $1 ({After} 24. Qxh4 Rxd5 25. Qe7 $1 {[%csl Gb7][%cal Ge7b7,Ge5e6] Black
wouldn't be able to defend everything due to the exclusion of his bishop.} (25.
Nxd5 Qxd5 {[%cal Ga6c7,Gc7e6]}) 25... Rdd8 26. e6 $18) 24... Bxf6 (24... Kh8
25. Qxh4 gxf6 26. Qxf6+ Kg8 27. Nh5) 25. exf6 g5 (25... Bg6 26. fxg7 (26. d5 {
is also a winning continuation.} Nc5 27. fxg7 Rfe8 28. Nxg6 fxg6 29. Qxg6 $18)
26... Kxg7 (26... Rfe8 27. Qh4 $18) 27. Nh5+ Kh7 28. Nf6+ Kg7 29. d5 $18) 26.
Qh3 Kh8 27. Qxh6 Rg8 28. Rf3 $1 {Qxh7+ is a threat now!} g4 (28... Rg6 29.
Nxg6+ fxg6 30. Qg7#) 29. Re3 {The difference in the activity of pieces is
enormous.} Nc7 30. Re7 Nb5 31. d5 Rxd5 (31... Nxc3 32. Rxf7 $18) 32. Qg7+ $1
1-0

[Event "St Petersburg zt"]
[Site "St Petersburg"]
[Date "1993.??.??"]
[Round "2"]
[White "Ruban, Vadim"]
[Black "Yakovich, Yuri"]
[Result "1/2-1/2"]
[WhiteElo "2595"]
[BlackElo "2510"]
[Annotator "Belov,I"]
[PlyCount "69"]
[EventDate "1993.01.??"]
[EventType "swiss"]
[EventRounds "9"]
[EventCountry "RUS"]
[SourceTitle "CBM 034"]
[Source "ChessBase"]
[SourceDate "1993.06.01"]
[SourceVersion "1"]
[SourceVersionDate "1993.06.01"]
[SourceQuality "1"]

1. d4 d5 2. c4 dxc4 3. e4 Nf6 4. e5 Nd5 5. Bxc4 Nb6 6. Bb3 Nc6 7. Ne2 Bf5 8.
Nbc3 e6 9. a3 (9. O-O $5) 9... Be7 10. O-O O-O 11. Ba2 Qd7 12. Be3 Rfd8 13. Qc1
$5 $146 Bf8 14. Rd1 Ne7 15. Ng3 Bg6 16. Nce4 (16. Bg5 $5) 16... Nbd5 $10 17.
Nc5 Qc8 18. Bb1 Nf5 19. Bg5 (19. Nxf5 Bxf5 20. Bxf5 exf5 21. Bg5 Re8 22. Nd3 h6
$10) 19... Re8 20. Qc4 Nxg3 21. hxg3 Bxc5 22. dxc5 (22. Qxc5 Bxb1 23. Raxb1 h6
24. Bd2 Qd7 $15) 22... h6 23. Bf4 Bxb1 24. Raxb1 Rd8 25. Rd4 Ne7 26. Rbd1 Rxd4
27. Qxd4 Qe8 (27... Nc6 $5 28. g4) 28. g4 (28. Qd7 Qxd7 29. Rxd7 Nd5 {/\
Kf8-e8-+}) 28... Nc6 29. Qd7 (29. Qe4 Rd8) 29... Qxd7 30. Rxd7 Rc8 31. Kf1 Kf8
32. Ke2 Ke8 33. Rd1 Rd8 34. Rxd8+ Kxd8 35. Kd3 1/2-1/2

[Event "St Petersburg zt"]
[Site "St Petersburg"]
[Date "1993.??.??"]
[Round "3"]
[White "Vyzmanavin, Alexey"]
[Black "Ibragimov, Ildar"]
[Result "1-0"]
[WhiteElo "2620"]
[BlackElo "2540"]
[Annotator "Belov,I"]
[PlyCount "65"]
[EventDate "1993.01.??"]
[EventType "swiss"]
[EventRounds "9"]
[EventCountry "RUS"]
[SourceTitle "CBM 034"]
[Source "ChessBase"]
[SourceDate "1993.06.01"]
[SourceVersion "1"]
[SourceVersionDate "1993.06.01"]
[SourceQuality "1"]

1. d4 d5 2. c4 dxc4 3. e4 c5 4. d5 e6 5. Nc3 exd5 6. Nxd5 Nf6 7. Bxc4 Nxd5 (
7... Be6 8. Qb3 $16) 8. Bxd5 Be7 (8... Bd6 9. Qh5 {Petrosian,T-Radulov,I/
Plovdiv/1983/} Qf6 10. Nf3 Qg6 $14) 9. Nf3 (9. Qh5 O-O 10. Nf3 Nd7 11. Ng5 Bxg5
12. Bxg5 Nf6 13. Bxf6 Qxf6 14. O-O Qxb2 15. Rac1 (15. Rab1 Qf6 16. Rfc1) 15...
Be6 16. Rb1 Qf6 17. e5 Qd8 18. Bxe6 fxe6 19. Rxb7 Qd5 $1 20. Re7 Rf5 21. Qg4
Qxe5 $15 {Rivas,P-Polgar,Zsu/Leon/1989/}) 9... O-O 10. O-O Na6 $146 (10... Qb6
11. Be3 Nc6 (11... Be6 $2 12. b4 $1 $16 {Yusupov,A-Ehlvest,J/Belfort/1988/})
12. Rc1 Be6 (12... Bg4 13. Bxc6 Bxf3 14. Qxf3 Qxc6 15. Rfd1 {0,5/Bukic,
M-Kovacevic/Tuzla/1981/}) 13. Bxe6 fxe6 14. Qe2 Qb4 15. Qc2 Rac8 16. a3 Qb5 17.
Qb1 Na5 $10 {Brenninkmeijer-Polgar,J/Wijk aan Zee II/1990/}) (10... Qc7 11. h3
Nc6 12. Be3 b6 13. Qd2 Ba6 14. Bf4 Qc8 15. Rfe1 Bb7 16. a3 Qe8 17. Rad1 Rd8 18.
Bc7 Rc8 19. Qf4 $16 {Savchenko-Zvjagintsev/Moskva/1992/}) 11. Qe2 Qb6 (11...
Nc7 12. Bf4 Nxd5 13. exd5 Bd6 $14) 12. Ne5 Nc7 13. Bf4 Qf6 14. Bg3 Nxd5 15.
exd5 $14 Bd6 16. Rfe1 Bf5 (16... Re8 $2 17. Ng4 $18) (16... Bxe5 17. Bxe5 Qd8
18. Qc4 b6 19. Rad1 Bf5 $14) 17. Qb5 $1 b6 18. Re3 a6 19. Qe2 Rae8 20. Re1 b5
21. Nc6 $16 {>< c5,a6} Rxe3 22. Qxe3 Bd7 (22... Kh8 23. Bxd6 Qxd6 24. Qe7 $1
$18) 23. Ne5 Bc8 (23... Bxe5 24. Bxe5 Qb6 25. b4 $18) 24. b3 $1 {>< c5} h6 25.
h3 Bf5 26. Qd2 (26. Nc6 Bd7) 26... Kh7 (26... Re8 27. Nc6 Rxe1+ 28. Qxe1 Bxg3
29. fxg3 Kf8 30. Qf2 $18) 27. Nc6 Bxg3 28. fxg3 Bd7 29. Ne7 $1 Qg5 $6 (29...
Qd6 30. Qf4 Qxf4 31. gxf4 g6 (31... Re8 $1 32. Kf2 (32. d6 Rd8 $1) 32... g6 33.
d6 Rd8 34. Re5 Be6 $16) 32. Rc1 $16) 30. Qc2+ g6 31. Kh2 $18 {>< c5} Rd8 32.
Qxc5 Qd2 33. Re5 1-0

[Event "St Petersburg zt"]
[Site "St Petersburg"]
[Date "1993.??.??"]
[Round "1"]
[White "Gleizerov, Evgeny"]
[Black "Morozevich, Alexander"]
[Result "1-0"]
[WhiteElo "2550"]
[BlackElo "2440"]
[Annotator "Belov,I"]
[PlyCount "51"]
[EventDate "1993.01.??"]
[EventType "swiss"]
[EventRounds "9"]
[EventCountry "RUS"]
[SourceTitle "CBM 034"]
[Source "ChessBase"]
[SourceDate "1993.06.01"]
[SourceVersion "1"]
[SourceVersionDate "1993.06.01"]
[SourceQuality "1"]

1. d4 d5 2. c4 Nc6 3. Nc3 dxc4 4. e3 e5 5. Nf3 exd4 6. exd4 Bd6 7. Bxc4 Nf6 8.
O-O O-O 9. h3 h6 $10 10. a3 Bf5 11. b4 Ne4 (11... a6 12. Bb2 Qd7 {/\ Rae8}) 12.
Bb2 Ng5 (12... Nxc3 13. Bxc3 Qf6 {/\ Rae8=}) 13. Nb5 Be4 14. Nxg5 Qxg5 15. Qg4
Rfe8 16. Rfe1 $16 Qxg4 (16... Bf5 17. Qf3) 17. hxg4 Bg6 $6 (17... a6 $5 18.
Nxd6 cxd6 19. d5 Na7) 18. d5 Ne5 (18... Ne7 19. Nxd6 cxd6 20. Bb5) 19. Nxd6
cxd6 20. Bb5 Red8 21. Bxe5 dxe5 22. Rxe5 a6 23. Be2 Kf8 24. Rc1 Rac8 (24... f6
25. Re3 Rxd5 26. Rc7 $18) 25. Rxc8 Rxc8 26. d6 (26. d6 Rd8 27. Rd5 $18 (27. Re7
b5 28. Ra7 Rxd6 29. Bf3 {/\ Bb7+-})) 1-0

[Event "RUS-ch"]
[Site "Elista"]
[Date "1994.??.??"]
[Round "1"]
[White "Tunik, Gennady"]
[Black "Kharlov, Andrei"]
[Result "1-0"]
[WhiteElo "2450"]
[BlackElo "2530"]
[Annotator "Belov,I"]
[PlyCount "127"]
[EventDate "1994.09.??"]
[EventType "swiss"]
[EventRounds "11"]
[EventCountry "RUS"]
[SourceTitle "CBM 044"]
[Source "ChessBase"]
[SourceDate "1995.02.01"]
[SourceVersion "1"]
[SourceVersionDate "1995.02.01"]
[SourceQuality "1"]

1. d4 d5 2. c4 dxc4 3. e4 Nf6 4. e5 Nd5 5. Bxc4 Nb6 6. Bb3 Bf5 7. Nc3 e6 8.
Nge2 Be7 9. O-O Nc6 10. a3 Qd7 11. Be3 (11. Ba2) 11... O-O-O (11... O-O 12. Ba2
Rfd8 13. Qc1 (13. h3 h6 14. g4 $1 Bh7 15. f4 Bh4 {Goldin,A-Kharlov,A/
St-Peterburg(zt)/1993/0:1/35/} 16. Rf3 Ne7 17. Qf1 $1 Nbd5 18. Bf2 Bxf2+ 19.
Qxf2 $14 {Goldin/}) 13... Bf8 14. Rd1 Ne7 15. Ng3 Bg6 16. Nce4 Nbd5 17. Nc5 Qc8
18. Bb1 Nf5 19. Bg5 Re8 $10 {Ruban,V-Yakovich,Y/St-Peterburg(zt)/1993/}) 12.
Ba2 f6 13. f4 (13. exf6 Bxf6 14. Qe1 Nxd4 15. Nxd4 Bxd4 16. Bxd4 Qxd4 17. Bxe6+
Bxe6 18. Qxe6+ Qd7 19. Qb3 $14 {Kamsky,G-Magem Badals,J/Madrid/1994/}) 13... h6
(13... Nd5 14. Nxd5 exd5 15. Nc3 $16) 14. Qe1 fxe5 15. fxe5 (15. dxe5 Qd3 16.
Nc1 Qd7 17. N1e2 Qd3 $10) 15... Bg5 16. Bf2 h5 $10 17. Kh1 (17. b4 Kb8 18. Bb3
h4 19. h3 Qe8 20. Rd1 Qg6 $10 {Agrest,E-Kharlov,A/Pinsk/1993/0:1/61/}) 17...
Qe7 18. Bg1 h4 19. h3 Rhf8 20. b4 Qe8 $1 21. Bb3 Qg6 $15 22. Ra2 Kb8 23. Rf3
Qh6 24. Na4 Nxa4 (24... Nd5 25. Nc5 b6 26. Ba4 $1) 25. Bxa4 Ne7 26. Nc3 Bf4 {
/\ Bg3,g5|^} 27. Ne2 g5 $5 (27... Bg5 28. Nc3 $10) 28. Nxf4 (28. Bb3 Ng6 29.
Nxf4 Nxf4 $17) 28... gxf4 29. Bb3 Bg6 $1 30. Bxe6 Bh5 31. Bg4 $8 Bxg4 32. hxg4
Qe6 33. d5 $5 Qxd5 $6 (33... Nxd5 $32) 34. Bc5 $1 Qxa2 (34... Rfe8 35. Bxe7
Rxe7 36. Re2 Re6 37. Qxh4 $16) 35. Bxe7 h3 $2 (35... Qc2 $32 36. Bxd8 Rxd8 37.
Rf1 $13) 36. Rxh3 (36. gxh3 Rd2 $19) 36... f3 37. gxf3 Rh8 38. Rxh8 Rxh8+ 39.
Bh4 $8 (39. Kg1 Qh2+ 40. Kf1 Qh1+ 41. Ke2 Rh2+ 42. Kd1 Qxf3+ $19) 39... Qxa3
40. Kg2 Qa2+ 41. Kg3 Qe6 42. Bf6 $16 Rg8 43. Qe4 b5 $5 (43... b6 44. b5 $16)
44. g5 a5 45. bxa5 Ka7 46. Qd4+ Ka6 47. Qc5 Qd7 48. Qc3 Rc8 $6 (48... Kb7 $32)
49. g6 c5 50. g7 Qd5 51. Qe3 $1 Re8 52. e6 $1 Kxa5 (52... Rxe6 53. g8=Q Rxe3
54. Qxd5 $18) 53. Qe5 $1 Qc6 54. f4 $18 Qc8 55. f5 b4 56. Qd6 $1 b3 (56... c4
57. Be7 Rg8 58. Qxb4+ $18) 57. Bc3+ Kb5 58. Qd7+ Kc4 (58... Qxd7 59. exd7 Rg8
60. f6 $18) 59. Qxc8 Rxc8 60. Bb2 Kd5 61. Kf4 c4 62. Bc3 Rb8 63. e7 Kd6 $2 (
63... Rc8 64. Kg5 Rb8 65. f6 Ke6 66. Kg6 $18) 64. Be5+ 1-0